000 00683nam a2200205Ia 4500
003 GCL
008 140319s9999 xx 000 0 ara d
040 _aGCL /
_cGCL
082 0 4 _a933
_bا م
100 1 _aاحمد الدبش
245 1 0 _aموسى وفرعون فى جزيرة العرب /
_cاحمد الدبش
250 _aالثانية
260 _aسوريا :
_bخطوات للنشر والتوزيع ،
_c2007
300 _a135 ص ؛
_c24 سم
650 0 4 _aاليهودية - تاريخ
650 0 4 _aفلسطين القديمة - تاريخ
650 0 4 _aاليهود - الاصل
650 0 4 _aالقبائل العربية الكنعانية
942 _2ddc
_cBK
999 _c9974
_d9974